[Event "4NCL/Div4/ANGA2 vs. PPA2"]
[Site "Staverton Park ENG"]
[Date "2008.02.10"]
[Round "6.3"]
[White "Ruthen, Steven"]
[Black "Goodger, Martyn"]
[Result "1-0"]
[WhiteElo "2050"]
[BlackElo "2113"]
[PlyCount "63"]
[EventDate "2008.02.10"]
[EventType "team"]
[EventRounds "11"]
[EventCountry "ENG"]
[SourceDate "2007.09.15"]

1. f4 d5 2. Nf3 Nf6 3. e3 g6 4. Be2 Bg7 5. d3 O-O 6. O-O c5 7. Qe1 Nc6 8. Nc3
d4 9. Nd1 dxe3 10. Nxe3 Nd5 11. Nc4 b5 12. Na3 a6 13. c3 Qd6 14. Ng5 f5 15. Qh4
h6 16. Nf3 Bb7 17. Bd2 Nb6 18. Rad1 Qe6 19. Rfe1 Qxa2 20. Bc1 Qf7 21. Nc2 Rad8
22. Qf2 Nd7 23. d4 cxd4 24. cxd4 Nf6 25. Ne5 Nxe5 26. dxe5 Ne4 27. Qb6 e6 28.
Rxd8 Kh7 29. Red1 Rxd8 30. Qxd8 Bc6 31. Nb4 Bf6 32. exf6 1-0

[Event "4NCL/Div4/ANGA2 vs. PPA2"]
[Site "Staverton Park ENG"]
[Date "2008.02.10"]
[Round "6.4"]
[White "McMahon, Paul"]
[Black "Donaghay, Richard"]
[Result "1/2-1/2"]
[WhiteElo "2034"]
[BlackElo "1963"]
[PlyCount "44"]
[EventDate "2008.02.10"]
[EventType "team"]
[EventRounds "11"]
[EventCountry "ENG"]
[SourceDate "2007.09.15"]

1. Nc3 e5 2. Nf3 Nc6 3. d4 e4 4. Nxe4 d5 5. Ng3 Bg4 6. Bf4 Bd6 7. Qd2 Nf6 8.
Bxd6 Qxd6 9. e3 h5 10. Bd3 h4 11. Nf5 Qd7 12. Ne5 Nxe5 13. dxe5 Bxf5 14. exf6
g6 15. O-O-O O-O-O 16. Qa5 Kb8 17. e4 Be6 18. Qb4 Qc6 19. exd5 Bxd5 20. f3 Qxf6
21. Be4 {=} Bxe4 22. Qxe4 Rhe8 1/2-1/2

[Event "4NCL/Div4/ANGA2 vs. PPA2"]
[Site "Staverton Park ENG"]
[Date "2008.02.10"]
[Round "6.5"]
[White "Botham, Paul"]
[Black "McCorry, Robert T"]
[Result "1/2-1/2"]
[WhiteElo "2042"]
[BlackElo "2103"]
[PlyCount "66"]
[EventDate "2008.02.10"]
[EventType "team"]
[EventRounds "11"]
[EventCountry "ENG"]
[SourceDate "2007.09.15"]

1. d4 Nf6 2. Nf3 e6 3. Bg5 h6 4. Bxf6 Qxf6 5. e3 b6 6. Bd3 Bb7 7. Nbd2 d6 8.
O-O Nd7 9. c3 g5 10. Qe2 Be7 11. Ba6 Bxa6 12. Qxa6 O-O 13. a4 d5 14. Qe2 g4 15.
Ne1 h5 16. f3 Qg6 17. Nd3 f5 18. f4 c5 19. b3 Rfc8 20. Rfc1 Rc7 21. Ne1 Rac8
22. Qd1 Bd6 23. Nd3 Nf6 24. Ne5 Bxe5 25. dxe5 Ne8 26. Qe2 Qf7 27. Nf1 Rd7 28.
Rd1 Nc7 29. Ra2 c4 30. b4 Na6 31. Qc2 Nb8 32. Ng3 Nc6 33. Ne2 Rcd8 1/2-1/2

[Event "4NCL/Div4/ANGA2 vs. PPA2"]
[Site "Staverton Park ENG"]
[Date "2008.02.10"]
[Round "6.6"]
[White "Judkins, Brian"]
[Black "Downham, Alan"]
[Result "0-1"]
[WhiteElo "1945"]
[BlackElo "1975"]
[PlyCount "86"]
[EventDate "2008.02.10"]
[EventType "team"]
[EventRounds "11"]
[EventCountry "ENG"]
[SourceDate "2007.09.15"]

1. e4 c5 2. Nf3 Nc6 3. d3 g6 4. g3 Bg7 5. Bg2 e6 6. O-O Nge7 7. Nbd2 b5 8. c3
Rb8 9. Rb1 O-O 10. Nh4 d6 11. f4 Qc7 12. Kh1 b4 13. c4 Nd4 14. Ndf3 f5 15. Nxd4
Bxd4 16. Nf3 Bf6 17. b3 Nc6 18. Bb2 e5 19. exf5 Bxf5 20. fxe5 dxe5 21. Qe2 Rbd8
22. Rbd1 Kg7 23. Rfe1 Rfe8 24. Qe3 Qd6 25. Bf1 Re7 26. Rd2 Nd4 27. Nxd4 exd4
28. Qf2 Rde8 29. Rxe7+ {=} Rxe7 30. Re2 Bg5 31. Rxe7+ Qxe7 32. Qe2 Qxe2 33.
Bxe2 Kf6 34. Kg2 h5 35. a3 a5 36. axb4 axb4 37. Kf2 Be3+ 38. Kg2 g5 39. h3 h4
40. g4 Bg6 41. Kf3 Ke5 42. Bf1 Be8 43. Kg2 Bc6+ 0-1

[Event "4NCL/Div4/KJCAK vs. LIT1"]
[Site "Staverton Park ENG"]
[Date "2008.02.10"]
[Round "6.1"]
[White "Jones, William"]
[Black "Byron, Alan M"]
[Result "1/2-1/2"]
[WhiteElo "1984"]
[BlackElo "2229"]
[PlyCount "106"]
[EventDate "2008.02.10"]
[EventType "team"]
[EventRounds "11"]
[EventCountry "ENG"]
[SourceDate "2007.09.15"]

1. e4 c6 2. d4 d5 3. exd5 cxd5 4. Bd3 Nf6 5. c3 Nc6 6. Bf4 g6 7. Nf3 Bg7 8. h3
O-O 9. O-O Be6 10. Nbd2 Qc8 11. Re1 Bf5 12. Qb1 e6 13. g4 Bxd3 14. Qxd3 a6 15.
Ne5 Nd7 16. Nxd7 Qxd7 17. Nb3 Rad8 18. Nc5 Qc8 19. b4 Nb8 20. Bxb8 Qxb8 21. b5
a5 22. b6 e5 23. Rad1 exd4 24. cxd4 Rfe8 25. Kg2 Rxe1 26. Rxe1 Qf4 27. Rd1 Rd6
28. Na4 h5 29. Qf3 Qg5 30. Qe3 Qf6 31. Qf3 hxg4 32. hxg4 Qg5 33. Kg3 Bh6 34.
Re1 Rf6 35. Qe3 Rf4 36. Qe8+ Kg7 37. Qe5+ Qxe5 38. Rxe5 Rxd4 39. g5 Bxg5 40.
Rxg5 Rxa4 41. Rxd5 Rb4 42. Rxa5 Rxb6 43. Rc5 Kf6 44. f3 Rb4 45. a3 Ra4 46. Rb5
Rxa3 47. Rxb7 Ke6 48. Rb5 Rd3 49. Kg4 f5+ 50. Kf4 g5+ 51. Kxg5 Rxf3 52. Rb6+
Ke5 53. Rb5+ Ke4 1/2-1/2

[Event "4NCL/Div4/KJCAK vs. LIT1"]
[Site "Staverton Park ENG"]
[Date "2008.02.10"]
[Round "6.2"]
[White "Mansson, James C"]
[Black "Bayliss, Lyall C P"]
[Result "1-0"]
[WhiteElo "2159"]
[BlackElo "1975"]
[PlyCount "71"]
[EventDate "2008.02.10"]
[EventType "team"]
[EventRounds "11"]
[EventCountry "ENG"]
[SourceDate "2007.09.15"]

1. Nf3 Nf6 2. c4 g6 3. Nc3 d5 4. Qa4+ Bd7 5. Qb3 dxc4 6. Qxc4 Be6 7. Qa4+ c6 8.
e4 Nbd7 9. Be2 Nb6 10. Qc2 Bg7 11. O-O O-O 12. h3 Rc8 13. d4 Qc7 14. Rd1 Rfd8
15. a4 a5 16. Ng5 Bc4 17. Bxc4 Nxc4 18. Qb3 b5 19. e5 Nd5 20. Nxd5 Rxd5 21. Qf3
e6 22. b3 Nb6 23. Ne4 Rcd8 24. Bg5 Rf8 25. Bf6 Nd7 26. Bxg7 Kxg7 27. Nc3 Nxe5
28. dxe5 Rxe5 29. axb5 cxb5 30. Rac1 Qb6 31. Ne4 Rf5 32. Qc3+ f6 33. Qc7+ Qxc7
34. Rxc7+ Rf7 35. Rxf7+ Kxf7 36. Nd6+ 1-0

[Event "4NCL/Div4/KJCAK vs. LIT1"]
[Site "Staverton Park ENG"]
[Date "2008.02.10"]
[Round "6.3"]
[White "Jones, Victor"]
[Black "Jones, Christopher M"]
[Result "1/2-1/2"]
[WhiteElo "1868"]
[BlackElo "2145"]
[PlyCount "68"]
[EventDate "2008.02.10"]
[EventType "team"]
[EventRounds "11"]
[EventCountry "ENG"]
[SourceDate "2007.09.15"]

1. e4 d5 2. exd5 Nf6 3. Nf3 Bg4 4. d4 c6 5. dxc6 Nxc6 6. Be2 e6 7. O-O Bd6 8.
c4 Qc7 9. h3 Bh5 10. Nc3 a6 11. d5 Bxf3 12. Bxf3 Ne5 13. Bg5 Rd8 14. Re1 O-O
15. Bxf6 gxf6 16. Ne4 Be7 17. d6 Bxd6 18. Nxf6+ Kg7 19. Nh5+ Kh8 20. Qe2 Ng6
21. Qe4 b6 22. Qb7 Qxc4 23. Be2 Qd4 24. Bxa6 Qxb2 25. Rab1 Qxa2 26. Qf3 Be7 27.
Qc3+ f6 28. Bc4 Qa5 29. Qxa5 bxa5 30. Rxe6 Rd4 31. Bf1 Rd5 32. Nf4 Rd7 33. Rbe1
Bb4 34. R1e4 Nxf4 1/2-1/2

[Event "4NCL/Div4/KJCAK vs. LIT1"]
[Site "Staverton Park ENG"]
[Date "2008.02.10"]
[Round "6.4"]
[White "Salisbury, Michael W"]
[Black "Lunn, Matt"]
[Result "1-0"]
[WhiteElo "2119"]
[BlackElo "1822"]
[PlyCount "77"]
[EventDate "2008.02.10"]
[EventType "team"]
[EventRounds "11"]
[EventCountry "ENG"]
[SourceDate "2007.09.15"]

1. e4 c6 2. d4 d5 3. e5 c5 4. dxc5 e6 5. Nf3 Bxc5 6. Bd3 Nc6 7. O-O Nge7 8. Nc3
a6 9. a3 Ng6 10. Re1 O-O 11. Qe2 Nh4 12. Bxh7+ Kxh7 13. Ng5+ Kg6 14. Qg4 f5 15.
exf6 Bxf2+ 16. Kh1 Qxf6 17. Nge4+ Kf7 18. Nxf6 Bxe1 19. Nh7 e5 20. Qd1 Bxc3 21.
Qxd5+ Be6 22. Ng5+ Kg6 23. Qe4+ Bf5 24. Qxh4 Rad8 25. Be3 Bd2 {=} 26. Qg3 Bxe3
27. Qxe3 Nd4 28. Nf3 Nxc2 29. Qg5+ Kh7 30. Rc1 e4 31. Nh4 g6 32. Nxf5 gxf5 33.
Qh5+ Kg7 34. Rxc2 e3 35. Rc7+ Kf6 36. Qh6+ Ke5 37. Re7+ Kd4 38. Qxe3+ Kc4 39.
h4 1-0

[Event "4NCL/Div4/KJCAK vs. LIT1"]
[Site "Staverton Park ENG"]
[Date "2008.02.10"]
[Round "6.5"]
[White "Maguire, Robert"]
[Black "Jackson, James P"]
[Result "1-0"]
[WhiteElo "1703"]
[BlackElo "2035"]
[PlyCount "93"]
[EventDate "2008.02.10"]
[EventType "team"]
[EventRounds "11"]
[EventCountry "ENG"]
[SourceDate "2007.09.15"]

1. e4 c5 2. Nf3 Nc6 3. d4 cxd4 4. Nxd4 Nf6 5. Nc3 e5 6. Ndb5 d6 7. Bg5 a6 8.
Na3 b5 9. Nd5 Be7 10. Bxf6 Bxf6 11. c3 O-O 12. Nc2 Bg5 13. a4 bxa4 14. Rxa4 a5
15. Bc4 Rb8 16. Ra2 Kh8 17. b3 f5 18. h4 Be7 19. g3 fxe4 20. Nce3 Be6 21. Qc2
Qd7 22. Qxe4 Bf5 23. Nxf5 Qxf5 24. Qxf5 Rxf5 25. Nxe7 Nxe7 26. Rxa5 Rf3 27. O-O
Rxc3 28. Rfa1 h6 29. Ra8 Rxa8 30. Rxa8+ Kh7 31. Re8 d5 32. Rxe7 dxc4 33. bxc4
Rxc4 34. Rxe5 Kg6 35. Kg2 Kf6 36. Ra5 g6 37. h5 g5 38. Kh3 Rb4 {=} 39. Ra6+ Kg7
40. Ra7+ Kg8 41. Re7 g4+ 42. Kh4 Rb2 43. Re6 Kg7 44. Rg6+ Kh7 45. Rf6 Rb4 46.
Rf4 Rb1 47. Kxg4 1-0

[Event "4NCL/Div4/KJCAK vs. LIT1"]
[Site "Staverton Park ENG"]
[Date "2008.02.10"]
[Round "6.6"]
[White "Jaszkiwskyj, Peter"]
[Black "Jones, Laurence"]
[Result "0-1"]
[WhiteElo "2005"]
[BlackElo "1758"]
[PlyCount "60"]
[EventDate "2008.02.10"]
[EventType "team"]
[EventRounds "11"]
[EventCountry "ENG"]
[SourceDate "2007.09.15"]

1. e4 c5 2. Nf3 d6 3. Bb5+ Bd7 4. Bxd7+ Qxd7 5. O-O Nc6 6. Re1 e5 7. Nc3 Nf6 8.
d3 g6 9. Bg5 Bg7 10. h3 h6 11. Be3 g5 12. Nh2 Ne7 13. Ne2 Nh5 14. c3 f5 15.
exf5 Nxf5 16. g4 Nxe3 17. fxe3 Nf6 18. Ng3 O-O-O 19. Rf1 h5 20. Rf5 hxg4 21.
hxg4 Rh3 22. Qf3 Rdh8 23. Nhf1 R3h4 24. Rxf6 Bxf6 25. Qxf6 Qxg4 26. Qxd6 Rh1+
27. Kf2 R8h2+ 28. Nxh2 Rxh2+ 29. Kf1 Qf3+ 30. Ke1 Qf2+ 0-1

[Event "4NCL/Div4/GUI4 vs. AMCAH"]
[Site "Staverton Park ENG"]
[Date "2008.02.10"]
[Round "6.1"]
[White "Punnett, Alan K"]
[Black "Mitchell, Stephen R"]
[Result "1-0"]
[WhiteElo "2108"]
[BlackElo "2010"]
[PlyCount "71"]
[EventDate "2008.02.10"]
[EventType "team"]
[EventRounds "11"]
[EventCountry "ENG"]
[SourceDate "2007.09.15"]

1. d4 f5 2. g3 Nf6 3. Bg2 g6 4. Nh3 Bg7 5. O-O O-O 6. c4 Nc6 7. Nc3 a6 8. e3
Kh8 9. Qe2 e5 10. d5 Ne7 11. b4 a5 12. Ba3 d6 13. bxa5 h6 14. Rac1 Ne8 15. Rfd1
Rxa5 16. Bb4 Ra8 17. c5 Bd7 18. a3 Nc8 19. f3 dxc5 20. Bxc5 Ncd6 21. Nf2 h5 22.
Nd3 b6 23. Bb4 c5 24. dxc6 Bxc6 25. f4 Bxg2 26. Kxg2 exf4 27. Nxf4 Qf6 28. Ncd5
Qf7 29. Bxd6 Nxd6 30. Rc7 Qe8 31. Re7 Qc6 32. Nxg6+ Kg8 33. Rc7 Qa4 34. Nge7+
Kf7 35. Qxh5+ Ke6 36. Nf4+ 1-0

[Event "4NCL/Div4/GUI4 vs. AMCAH"]
[Site "Staverton Park ENG"]
[Date "2008.02.10"]
[Round "6.2"]
[White "Lyne, Colin J"]
[Black "Stimpson, Philip M"]
[Result "1/2-1/2"]
[WhiteElo "1970"]
[BlackElo "2076"]
[PlyCount "33"]
[EventDate "2008.02.10"]
[EventType "team"]
[EventRounds "11"]
[EventCountry "ENG"]
[SourceDate "2007.09.15"]

1. e4 e6 2. d4 d5 3. Nc3 dxe4 4. Nxe4 Qd5 5. Bd3 Nf6 6. Nxf6+ gxf6 7. Nf3 Rg8
8. O-O Nc6 9. c3 Bd6 10. Qe2 Qh5 11. g3 Bd7 12. b4 a6 13. a4 Ne7 14. Bd2 Bc6
15. Be4 f5 16. Bxc6+ bxc6 17. Rfe1 1/2-1/2

[Event "4NCL/Div4/GUI4 vs. AMCAH"]
[Site "Staverton Park ENG"]
[Date "2008.02.10"]
[Round "6.3"]
[White "Roset, Christophe"]
[Black "Green, George D A"]
[Result "1/2-1/2"]
[WhiteElo "2071"]
[BlackElo "1965"]
[PlyCount "81"]
[EventDate "2008.02.10"]
[EventType "team"]
[EventRounds "11"]
[EventCountry "ENG"]
[SourceDate "2007.09.15"]

1. e4 e5 2. f4 d6 3. Nc3 Nf6 4. Bc4 Be7 5. Nf3 Nc6 6. O-O O-O 7. d3 Na5 8. Bb3
Nxb3 9. axb3 c6 10. fxe5 dxe5 11. Be3 Ng4 12. Qd2 Nxe3 13. Qxe3 b6 14. Kh1 Qc7
15. Qe1 Be6 16. Qg3 f6 17. Nd4 Qd7 18. Nxe6 Qxe6 19. Ra6 Qd7 20. Rfa1 Bb4 21.
Qh3 Qf7 22. R6a2 f5 23. exf5 Qxf5 24. Qxf5 Rxf5 25. Ne4 Raf8 26. g3 a5 27. Kg2
Be7 28. Re1 Bd8 29. Raa1 Bc7 30. Rf1 h6 31. Rxf5 Rxf5 32. Rf1 Rxf1 {=} 33. Kxf1
Kf7 34. Ke2 Ke6 35. Kf3 Bd8 36. c4 Be7 37. Nc3 Bc5 38. Ke4 Bd4 39. g4 g6 40.
Kf3 Ke7 41. Ke2 1/2-1/2

[Event "4NCL/Div4/GUI4 vs. AMCAH"]
[Site "Staverton Park ENG"]
[Date "2008.02.10"]
[Round "6.4"]
[White "Tunstall, George"]
[Black "Deswarte, Ian"]
[Result "1-0"]
[WhiteElo "2000"]
[BlackElo "1935"]
[PlyCount "69"]
[EventDate "2008.02.10"]
[EventType "team"]
[EventRounds "11"]
[EventCountry "ENG"]
[SourceDate "2007.09.15"]

1. d4 d5 2. c4 dxc4 3. e3 Nf6 4. Bxc4 e6 5. Nf3 a6 6. a4 c5 7. O-O Qc7 8. Bd3
Nc6 9. Nc3 Be7 10. Bd2 O-O 11. Rc1 Rd8 12. Ne2 b6 13. Qc2 Qd7 14. Bc3 Bb7 15.
Rfd1 Qe8 16. dxc5 bxc5 17. Bxf6 Bxf6 18. Qxc5 Rac8 19. Qb6 Rd7 20. Nc3 Ne5 21.
Nxe5 Bxe5 22. Bxa6 Rc6 23. Qb5 Bxa6 24. Qxc6 Bc8 25. Rxd7 Bxd7 26. Qa6 Qb8 27.
Qe2 Bxh2+ 28. Kh1 Be5 29. Qd2 Bc6 30. Nb5 Bd5 31. Qc2 Bb7 32. Nd4 Qd8 33. Nc6
Qh4+ 34. Kg1 Bc7 35. Ne7+ 1-0

[Event "4NCL/Div4/GUI4 vs. AMCAH"]
[Site "Staverton Park ENG"]
[Date "2008.02.10"]
[Round "6.5"]
[White "Smart, Michael R"]
[Black "Moore, Andrew"]
[Result "1-0"]
[WhiteElo "1958"]
[BlackElo "1865"]
[PlyCount "69"]
[EventDate "2008.02.10"]
[EventType "team"]
[EventRounds "11"]
[EventCountry "ENG"]
[SourceDate "2007.09.15"]

1. e4 c5 2. Nf3 Nc6 3. d4 cxd4 4. Nxd4 e5 5. Nb5 a6 6. Nd6+ Bxd6 7. Qxd6 Qe7 8.
Qd1 Nf6 9. Nc3 Qb4 10. a3 Qb6 11. Be3 Nd4 12. Bd3 d6 13. Na4 Qa5+ 14. c3 b5 15.
O-O Nf3+ 16. Qxf3 Qxa4 17. Bg5 Ng4 18. h3 f6 19. Bd2 h5 20. b4 Qb3 21. a4 bxa4
22. Rfb1 Qf7 23. Rxa4 Nh6 24. b5 Qd7 25. bxa6 Qxa4 26. Bb5+ Qxb5 27. Rxb5 Bxa6
28. Ra5 Ke7 29. Bxh6 Rxh6 30. Qe3 Rhh8 31. Qb6 Rhb8 32. Qc7+ Ke6 33. Rxa6 Rb1+
34. Kh2 Rxa6 35. Qc4+ 1-0

[Event "4NCL/Div4/GUI4 vs. AMCAH"]
[Site "Staverton Park ENG"]
[Date "2008.02.10"]
[Round "6.6"]
[White "Upham, John E"]
[Black "Shaw, Matthew"]
[Result "1/2-1/2"]
[WhiteElo "1760"]
[BlackElo "1935"]
[PlyCount "24"]
[EventDate "2008.02.10"]
[EventType "team"]
[EventRounds "11"]
[EventCountry "ENG"]
[SourceDate "2007.09.15"]

1. d4 Nf6 2. Nf3 g6 3. Nc3 Bg7 4. e4 d6 5. Be3 O-O 6. Qd2 e5 7. O-O-O Qe7 8.
dxe5 dxe5 9. Bg5 c6 10. h4 Bg4 11. Qd6 Qxd6 12. Rxd6 Nbd7 1/2-1/2

[Event "4NCL/Div4/GUI5 vs. NOTT2"]
[Site "Staverton Park ENG"]
[Date "2008.02.10"]
[Round "6.1"]
[White "Waldock, Adrian"]
[Black "Wright, Antony J"]
[Result "1-0"]
[WhiteElo "1880"]
[BlackElo "1995"]
[PlyCount "63"]
[EventDate "2008.02.10"]
[EventType "team"]
[EventRounds "11"]
[EventCountry "ENG"]
[SourceDate "2007.09.15"]

1. e4 e6 2. d4 d5 3. Nd2 Nf6 4. e5 Nfd7 5. Bd3 c5 6. c3 Nc6 7. Ne2 Be7 8. Nf3
Nb6 9. O-O Bd7 10. a3 a5 11. dxc5 Bxc5 12. Qc2 h6 13. Bf4 a4 14. Ned4 Nxd4 15.
Nxd4 Nc4 16. Qe2 Bxd4 17. cxd4 Bb5 18. Rfd1 Qb6 19. Bxc4 Bxc4 20. Qd2 O-O 21.
Rac1 Rfb8 22. Rc3 Kf8 23. h4 Ke8 24. Rg3 g6 25. Bxh6 Qb5 26. Rc1 Rc8 27. Rgc3
Qd7 {=} 28. Bg5 Bb3 29. Bf6 Rxc3 30. Rxc3 Qb5 31. Rc7 Qa5 32. Re7+ 1-0

[Event "4NCL/Div4/GUI5 vs. NOTT2"]
[Site "Staverton Park ENG"]
[Date "2008.02.10"]
[Round "6.2"]
[White "Place, William"]
[Black "Albrecht, Theo"]
[Result "1-0"]
[WhiteElo "1985"]
[BlackElo "1900"]
[PlyCount "105"]
[EventDate "2008.02.10"]
[EventType "team"]
[EventRounds "11"]
[EventCountry "ENG"]
[SourceDate "2007.09.15"]

1. e4 d6 2. Nc3 Nf6 3. d4 Nbd7 4. Be2 e5 5. Nf3 c6 6. h3 Be7 7. Be3 Qc7 8. g4
h6 9. g5 hxg5 10. Nxg5 Nf8 11. dxe5 dxe5 12. Bc4 Be6 13. Nxe6 Nxe6 14. Bxe6
fxe6 15. a3 Bd6 16. Qe2 O-O-O 17. Bxa7 b6 18. Qa6+ Qb7 19. Qxb6 Rd7 20. O-O-O
Rh4 21. f3 Qxb6 22. Bxb6 Nh5 23. Ne2 Nf4 24. Nxf4 Rxf4 25. Rd3 Bc7 26. Rxd7
Kxd7 27. Bxc7 Kxc7 28. Rf1 Rh4 29. Kd2 Rxh3 30. Ke3 g5 31. Rg1 Rh2 32. Kd3 Rf2
33. Rg3 Rf1 34. b3 Rh1 35. Rxg5 Kd6 36. Rg7 Rd1+ 37. Kc3 Re1 38. Rf7 Ra1 39.
Kb2 Rf1 40. a4 Rh1 41. Kc3 Rh8 42. Kd3 Rb8 43. f4 exf4 44. Rxf4 Ke5 45. Rh4 Rb4
46. Kc3 c5 47. Rh5+ Kd6 48. Kd3 Rd4+ 49. Ke3 Rb4 50. Kf4 c4 51. Rb5 Rxb5 52.
axb5 cxb3 53. cxb3 1-0

[Event "4NCL/Div4/GUI5 vs. NOTT2"]
[Site "Staverton Park ENG"]
[Date "2008.02.10"]
[Round "6.3"]
[White "Kokossis, Danae"]
[Black "Thompson, Brian"]
[Result "1/2-1/2"]
[WhiteElo "1750"]
[BlackElo "1936"]
[PlyCount "45"]
[EventDate "2008.02.10"]
[EventType "team"]
[EventRounds "11"]
[EventCountry "ENG"]
[SourceDate "2007.09.15"]

1. e4 c5 2. Nf3 d6 3. d4 cxd4 4. Nxd4 Nf6 5. Nc3 g6 6. Be3 Bg7 7. f3 O-O 8. Qd2
Nc6 9. O-O-O Bd7 10. h4 Rc8 11. g4 Ne5 12. h5 Nxf3 13. Nxf3 Bxg4 14. Be2 Bxh5
15. Ng5 Bxe2 16. Qxe2 Qa5 17. Qd2 Rxc3 18. Qxc3 Qxc3 19. bxc3 h6 20. Nf3 Nxe4
21. Bd4 e5 22. Be3 Rc8 23. Rde1 1/2-1/2

[Event "4NCL/Div4/GUI5 vs. NOTT2"]
[Site "Staverton Park ENG"]
[Date "2008.02.10"]
[Round "6.4"]
[White "Taylor, Robert P"]
[Black "Kokossis, Antonis"]
[Result "1-0"]
[WhiteElo "1999"]
[BlackElo "1700"]
[PlyCount "103"]
[EventDate "2008.02.10"]
[EventType "team"]
[EventRounds "11"]
[EventCountry "ENG"]
[SourceDate "2007.09.15"]

1. d4 Nf6 2. Bg5 e6 3. Nd2 Be7 4. e4 b6 5. Bd3 Bb7 6. Ngf3 d5 7. e5 Nfd7 8.
Bxe7 Qxe7 9. c3 Nc6 10. b4 f6 11. b5 Na5 12. exf6 gxf6 13. Qe2 O-O-O 14. Nb3
Qa3 15. O-O Rde8 16. Qc2 e5 17. Bf5 e4 18. Nfd2 Nc4 19. Nxc4 dxc4 20. Nd2 Qe7
21. Nxc4 Rhg8 22. g3 Rg5 23. Ne3 h5 24. a4 h4 25. a5 Kb8 26. axb6 cxb6 27. Qa2
hxg3 28. Qxa7+ Kc8 29. fxg3 Qd6 30. Kf2 Kc7 31. Qa3 Nc5 32. Ke2 Qd8 33. Qa2 Nd3
34. Qf7+ Qe7 35. Qxe7+ Rxe7 36. g4 Kd6 37. h4 Rgg7 38. h5 Rc7 39. c4 Nb2 40.
Rac1 Nd3 41. Rc3 Ke7 42. h6 Rg8 43. h7 Rh8 44. Bg6 Rd7 45. Nf5+ Ke6 46. d5+ Ke5
47. Ke3 Nc5 48. Nd4 Rdxh7 49. Rf5+ Kd6 50. Bxh7 Rxh7 51. Rh5 Rg7 52. Nf5+ 1-0

[Event "4NCL/Div4/WOB vs. CELT2"]
[Site "Staverton Park ENG"]
[Date "2008.02.10"]
[Round "6.1"]
[White "Lewyk, Ihor"]
[Black "Kitchen, Peter J"]
[Result "1/2-1/2"]
[WhiteElo "2146"]
[BlackElo "1875"]
[PlyCount "75"]
[EventDate "2008.02.10"]
[EventType "team"]
[EventRounds "11"]
[EventCountry "ENG"]
[SourceDate "2007.09.15"]

1. Nf3 d5 2. d4 e6 3. e3 Nf6 4. Bd3 Be7 5. O-O O-O 6. Nbd2 c5 7. c3 a6 8. Ne5
Qc7 9. f4 c4 10. Bc2 b5 11. g4 Bb7 12. Qf3 g6 13. e4 Nxe4 14. Nxe4 dxe4 15.
Bxe4 Bxe4 16. Qxe4 Nd7 17. Bd2 Nf6 18. Qf3 Bd6 19. Rae1 Rae8 20. f5 exf5 21.
gxf5 Bxe5 22. dxe5 Rxe5 23. fxg6 fxg6 24. Rxe5 Qxe5 25. Bh6 Rf7 26. Be3 Qe4 27.
Bd4 Qxf3 28. Rxf3 Nd5 29. Kf2 Rxf3+ 30. Kxf3 Kf7 31. Ke4 Ke6 32. Be5 Ne7 33.
Bf4 Nf5 34. Bc7 Kd7 35. Bf4 Ke6 36. Bc7 Kd7 37. Bf4 Ke6 38. Bc7 1/2-1/2

[Event "4NCL/Div4/WOB vs. CELT2"]
[Site "Staverton Park ENG"]
[Date "2008.02.10"]
[Round "6.2"]
[White "Burgess, Thomas"]
[Black "Zhu, Yao Yao"]
[Result "0-1"]
[WhiteElo "1870"]
[BlackElo "1997"]
[PlyCount "96"]
[EventDate "2008.02.10"]
[EventType "team"]
[EventRounds "11"]
[EventCountry "ENG"]
[SourceDate "2007.09.15"]

1. d4 d5 2. Nf3 e6 3. e3 f5 4. Bd3 Nf6 5. b3 c6 6. O-O Bd6 7. Ba3 O-O 8. Bxd6
Qxd6 9. Ne5 Nbd7 10. f4 Qe7 11. Nd2 Nxe5 12. fxe5 Ng4 13. Qe2 Bd7 14. c3 Be8
15. h3 Nh6 16. Rf2 c5 17. Raf1 Bc6 18. Qh5 a5 19. a4 Rac8 20. Nf3 c4 21. bxc4
dxc4 22. Bb1 Nf7 23. Ra2 g6 24. Qh4 Qxh4 25. Nxh4 Ng5 26. Rc1 f4 27. exf4 Rxf4
28. g3 Rf7 29. Kh2 Rcf8 30. g4 Rf3 31. Nxf3 Rxf3 32. Rac2 Rxh3+ 33. Kg1 Rf3 34.
Kh2 Rh3+ 35. Kg1 Rf3 36. Kh2 Nh3 37. Rd2 Nf4 38. d5 Bxd5 39. Rxd5 Nxd5 40. Be4
Rxc3 41. Rb1 Rb3 42. Bxd5 Rxb1 43. Bxe6+ Kf8 44. Bxc4 Rb4 45. Bd5 Rxg4 46. Bxb7
Rxa4 47. e6 Ke7 48. Bc8 Re4 0-1

[Event "4NCL/Div4/WOB vs. CELT2"]
[Site "Staverton Park ENG"]
[Date "2008.02.10"]
[Round "6.3"]
[White "Davies, Matthew"]
[Black "Buttell, David"]
[Result "1-0"]
[WhiteElo "1937"]
[BlackElo "1755"]
[PlyCount "69"]
[EventDate "2008.02.10"]
[EventType "team"]
[EventRounds "11"]
[EventCountry "ENG"]
[SourceDate "2007.09.15"]

1. d4 Nf6 2. c4 c5 3. d5 e6 4. Nc3 exd5 5. cxd5 d6 6. e4 g6 7. Bd3 Bg7 8. Nf3
a6 9. a4 Bg4 10. O-O O-O 11. h3 Bxf3 12. Qxf3 Nbd7 13. Bf4 Qe7 14. Qe2 Ne5 15.
Bh2 Nxd3 16. Qxd3 Nd7 17. Qc2 b6 18. Rfe1 Be5 19. Bxe5 Qxe5 20. Qd2 Rfe8 21.
Rad1 Qe7 22. Re2 f6 23. f4 Qg7 24. Qd3 f5 25. exf5 Rxe2 26. Qxe2 gxf5 27. Qe6+
Kh8 28. Qxf5 Rf8 29. Qe4 Qf7 30. Qe6 Qg7 31. Qxd6 Rf6 32. Qc7 Rg6 33. Rd2 Rg3
34. Qc8+ Nf8 35. d6 1-0

[Event "4NCL/Div4/WOB vs. CELT2"]
[Site "Staverton Park ENG"]
[Date "2008.02.10"]
[Round "6.5"]
[White "Griffiths, Hywel"]
[Black "Kitchen, Michael J"]
[Result "1-0"]
[WhiteElo "1693"]
[BlackElo "1730"]
[PlyCount "65"]
[EventDate "2008.02.10"]
[EventType "team"]
[EventRounds "11"]
[EventCountry "ENG"]
[SourceDate "2007.09.15"]

1. b4 e6 2. Bb2 Nf6 3. b5 d5 4. e3 Nbd7 5. d4 c6 6. bxc6 bxc6 7. Nd2 Qa5 8. c3
Bd6 9. Bd3 O-O 10. Ngf3 h6 11. c4 Rb8 12. Qc2 Ba3 13. Bc3 Bb4 14. Bxb4 Rxb4 15.
c5 Ba6 16. O-O Bxd3 17. Qxd3 Rfb8 18. Nb3 Qc7 19. Nfd2 a5 20. a4 Ra8 21. f4 Nb8
22. Nf3 Na6 23. f5 Ne4 24. fxe6 fxe6 25. Ne5 Rxb3 26. Qxb3 Nd2 27. Qc2 Nxf1 28.
Rxf1 Rf8 29. Rxf8+ Kxf8 30. Qh7 Nb4 31. Qh8+ Ke7 32. Qxg7+ Kd8 33. Qf8# 1-0

[Event "4NCL/Div4/HAL vs. CONQ2"]
[Site "Staverton Park ENG"]
[Date "2008.02.10"]
[Round "6.1"]
[White "Clarke, Neil"]
[Black "Holland, James"]
[Result "1/2-1/2"]
[WhiteElo "2005"]
[BlackElo "1795"]
[PlyCount "133"]
[EventDate "2008.02.10"]
[EventType "team"]
[SourceDate "2007.09.15"]

1. Nf3 d5 2. b3 c5 3. Bb2 Nc6 4. g3 Nf6 5. Bg2 Bf5 6. O-O e6 7. d3 Bd6 8. c4
O-O 9. Nh4 Bg6 10. Nxg6 hxg6 11. cxd5 exd5 12. Nd2 Be5 13. Bxe5 Nxe5 14. Nf3
Qe7 15. Qc2 Rac8 16. Rac1 b5 17. Qb2 d4 18. Rfe1 Rfe8 19. b4 Nxf3+ 20. Bxf3
Red8 21. bxc5 Rxc5 22. Rxc5 Qxc5 23. Rc1 Qb6 24. Rb1 Rc8 25. Kg2 a6 26. a4 Rb8
27. axb5 Qxb5 28. Qxb5 Rxb5 29. Ra1 a5 30. Ra4 Kf8 31. Rxd4 Rb4 32. Rd8+ Ke7
33. Ra8 Ra4 34. e4 Nd7 35. Bd1 Rd4 36. Bc2 Nc5 37. Rxa5 Nxd3 38. Bxd3 Rxd3 39.
Ra6 g5 40. h3 g6 41. Ra5 Kf6 42. h4 gxh4 43. gxh4 Rb3 44. f3 Rb8 45. Kg3 Rb1
46. h5 g5 47. Rf5+ Ke6 48. Rxg5 f6 49. Ra5 Rh1 50. f4 Rg1+ 51. Kf2 Rb1 52. Ra6+
Kf7 53. Kf3 Rb3+ 54. Kg4 Rb4 55. Kf5 Rb5+ 56. e5 fxe5 57. fxe5 Rb1 58. Ra7+ Kf8
59. h6 Kg8 60. h7+ Kh8 61. Rd7 Rf1+ 62. Ke6 Re1 63. Kd6 Rd1+ 64. Kc7 Rc1+ 65.
Kd8 Rc8+ 66. Ke7 Re8+ 67. Kxe8 1/2-1/2